Normal view
MARC view
Entry Topical Term
001 - CONTROL NUMBER
- control field: 53366
003 - CONTROL NUMBER IDENTIFIER
- control field: dpl
005 - DATE AND TIME OF LATEST TRANSACTION
- control field: 20121026113900.0
008 - FIXED-LENGTH DATA ELEMENTS
- fixed length control field: 121026|||a|||||| | ||| d
040 ## - CATALOGING SOURCE
- Original cataloging agency: dpl
- Transcribing agency: dpl
150 ## - HEADING--TOPICAL TERM
- Topical term or geographic name as entry element: Employees
- General subdivision: Rating of.
670 ## - SOURCE DATA FOUND
- Source citation: Work cat.: (dpl)0: Bacal, Robert 53364, Manager's guide to Performance management /, c2012
670 ## - SOURCE DATA FOUND
- Source citation: Work cat.: (dpl)0: Bacal, Robert 53364, Manager's guide to Performance management /, c2012
